000
00288nam a22001337a 4500
003
SGT
082
_a
340,DIW
100
_a
DIWAN,PARAS
245
_a
MODERN HINDU LAW
260
_a
ALLAHABAD
_b
ALLAHABAD LAW AGENCY
_c
1999
300
_a
509
650
_a
MODERN HINDU LAW
942
_2
ddc
_c
BK
999
_c
10665
_d
10665